000 01291nam a22003137i 4500
003 DO-SdBNP
005 20260521073717.0
007 ta
008 221104b2022 dr ||||| |||| 00| 0 spa d
020 _a9789945959284
040 _aDO-SdBNP
_bspa
_cBNPHU
_erda
082 4 _a304.897293051
_bS225m
_222
100 1 _aSang, Mu-Kien A.
_d1955-
_q(Mu-Kien Adriana)
_eautor
_9331
245 1 3 _aLa migración china en República Dominicana /
_cMukien Adriana Sang Ben ; edición Daniel García
264 _aSanto Domingo :
_bInstituto Nacional de Migración,
_c2022.
300 _a697 páginas :
_bilustraciones, fotos, gráficos, mapas ;
_c23 cm.
336 _2rdacontent
_atexto
_btxt
337 _2rdamedia
_asin mediación
_bn
338 _2rdacarrier
_avolumen
_bnc
500 _aIncluye datos biográficos de la autor en la solapa de la cubierta
500 _aIncluye referencias bibliográficas y notal al pie de las páginas
590 _aInventariado, 2022/BT
650 4 _aChineses
_zRepública Dominicana
_xHistoria
_984732
651 4 _aChina
_x Emigración e inmigración
_984733
651 4 _aRepública Dominicana
_x Emigración e inmigración
_9290
700 1 _aGarcí, Daniel,
_eedición
_982720
910 _aBtavárez/Validado. Control de calidad MFF
942 _2ddc
_cLBS1
999 _c52803
_d52803